| 000 | 01090cam a2200289 4500 | ||
|---|---|---|---|
| 001 | ABS62650 | ||
| 008 | 000000n2000 000 0 eng u | ||
| 035 | _a(Sirsi) u107509 | ||
| 100 | _aJohnston, B. | ||
| 245 | _aPreparing plans for the public at play | ||
| 260 | _c2000 | ||
| 490 |
_aPlanning (for the Natural and Built Environment) _v(1378) 21 July 2000, 12-13(2) |
||
| 520 | _aReports on how planning constraints impact in shaping the future development of the leisure and tourism industry. Considers developers activity in the industry, and the role leisure facilities have in assisting urban regeneration. Lists recent appeal decisions. Table and references. | ||
| 590 | _aABS | ||
| 650 | _aLEISURE INDUSTRY | ||
| 650 | _aLEISURE AND RECREATION FACILITIES | ||
| 650 | _aPLANNING RESTRICTIONS | ||
| 650 | _aURBAN REGENERATION | ||
| 650 | _aTOURISM | ||
| 650 | _aENGLISH TOURIST BOARD | ||
| 650 | _aENGLISH TOURISM COUNCIL | ||
| 650 | _aSPORTING FACILITIES | ||
| 650 | _aPPG17 | ||
| 650 | _aSPORT ACTION ZONES | ||
| 690 | _aLEISURE AND RECREATION | ||
| 942 | _n0 | ||
| 999 |
_c64255 _d64255 |
||